Moe Berg : (Record no. 669)

000 -LEADER
fixed length control field 01039nam a22003497a 4500
001 - CONTROL NUMBER
control field 3623884
003 - CONTROL NUMBER IDENTIFIER
control field OSt
005 - DATE AND TIME OF LATEST TRANSACTION
control field 20210421064700.0
008 - FIXED-LENGTH DATA ELEMENTS--GENERAL INFORMATION
fixed length control field 740912s1974 maua 001 0beng
010 ## - LIBRARY OF CONGRESS CONTROL NUMBER
LC control number 74020540
020 ## - INTERNATIONAL STANDARD BOOK NUMBER
International Standard Book Number 0316483486
040 ## - CATALOGING SOURCE
Original cataloging agency eng
Transcribing agency DLC
Modifying agency eng
Language of cataloging eng
041 ## - LANGUAGE CODE
Language code of text/sound track or separate title eng
050 00 - LIBRARY OF CONGRESS CALL NUMBER
Classification number GV865.B38
Item number K38 1975
080 ## - UNIVERSAL DECIMAL CLASSIFICATION NUMBER
Universal Decimal Classification number 92
Item number K-24
082 00 - DEWEY DECIMAL CLASSIFICATION NUMBER
Classification number 796.357/092/4
-- B
100 1# - MAIN ENTRY--PERSONAL NAME
Personal name Kaufman, Louis,
Dates associated with a name 1926-
245 00 - TITLE STATEMENT
Title Moe Berg :
Remainder of title athlete, scholar, spy /
Statement of responsibility, etc. Louis Kaufman, Barbara Fitzgerald, Tom Sewell.
250 ## - EDITION STATEMENT
Edition statement 1st ed.
260 ## - PUBLICATION, DISTRIBUTION, ETC.
Place of publication, distribution, etc. Boston :
Name of publisher, distributor, etc. Little, Brown,
Date of publication, distribution, etc. [1975] c1974.
300 ## - PHYSICAL DESCRIPTION
Extent x, 274 p. :
Other physical details ill. ;
Dimensions 22 cm.
365 ## - TRADE PRICE
Price amount 7.95 usd
500 ## - GENERAL NOTE
General note Includes index.
600 10 - SUBJECT ADDED ENTRY--PERSONAL NAME
Personal name Berg, Moe,
Dates associated with a name 1902-1972.
650 #0 - SUBJECT ADDED ENTRY--TOPICAL TERM
Topical term or geographic name entry element Baseball.
650 #0 - SUBJECT ADDED ENTRY--TOPICAL TERM
Topical term or geographic name entry element Biography
9 (RLIN) 237
653 ## - INDEX TERM--UNCONTROLLED
Uncontrolled term ბიოგრაფია
700 1# - ADDED ENTRY--PERSONAL NAME
Personal name Fitzgerald, Barbara,
Dates associated with a name 1932-
Relator term joint author.
700 1# - ADDED ENTRY--PERSONAL NAME
Personal name Sewell, Tom
Titles and other words associated with a name (Baseball writer)
Relator term joint author.
906 ## - LOCAL DATA ELEMENT F, LDF (RLIN)
a 7
b cbc
c orignew
d 1
e ocip
f 19
g y-gencatlg
942 ## - ADDED ENTRY ELEMENTS (KOHA)
Source of classification or shelving scheme
Koha item type Books
Edition 1
Holdings
Withdrawn status Lost status Source of classification or shelving scheme Damaged status Not for loan Permanent location Current location Date acquired Inventory number Total Checkouts Full call number Barcode Date last seen Price effective from Koha item type
          Ken Walker International University Ken Walker International University 12/16/2020 425   92 K-24 425 12/16/2020 12/16/2020 Books

Powered by Koha